[Event "Oberliga Ost-A 2122"]
[Site "Germany"]
[Date "2022.07.09"]
[Round "6.4"]
[White "Hoffmann, Hendrik"]
[Black "Leibovitch, Iziaslav"]
[Result "1-0"]
[WhiteElo "2219"]
[BlackElo "2074"]
[PlyCount "61"]
[EventDate "2021.10.10"]
[EventType "team-tourn"]
[EventRounds "11"]
[EventCountry "GER"]
[SourceTitle "EXT 2023"]
[Source "ChessBase"]
[SourceDate "2022.10.05"]
[SourceVersion "1"]
[SourceVersionDate "2022.10.05"]
[SourceQuality "1"]
[WhiteTeam "Leipzig SG"]
[BlackTeam "Dessau"]
[WhiteTeamCountry "GER"]
[BlackTeamCountry "GER"]

1. e4 d6 2. d4 Nf6 3. Nc3 g6 4. Nf3 Bg7 5. Be2 0-0 6. 0-0 Nc6 7. d5 Ne5 8. Nxe5 dxe5 9. Bg5 h6 10. Be3 e6 11. Qc1 exd5 12. Nxd5 Nxd5 13. exd5 Kh7 14. c4 f5 15. f3 Qe7 16. Qc2 Bd7 17. Rfd1 Rfe8 18. c5 c6 19. d6 Qf6 20. Rab1 Kh8 21. b4 f4 22. Bf2 g5 23. b5 h5 24. bxc6 bxc6 25. Rb7 Rad8 26. Rxa7 g4 27. Rxd7 Rxd7 28. fxg4 Qg5 29. h4 Qh6 30. g5 Qe6 31. Bf3 1-0

[Event "Oberliga Ost-A 2122"]
[Site "Germany"]
[Date "2022.04.03"]
[Round "11.5"]
[White "Siedentopf, Daniel"]
[Black "Leibovitch, Iziaslav"]
[Result "0-1"]
[WhiteElo "2262"]
[BlackElo "2074"]
[PlyCount "66"]
[EventDate "2021.10.10"]
[EventType "team-tourn"]
[EventRounds "11"]
[EventCountry "GER"]
[SourceTitle "EXT 2023"]
[Source "ChessBase"]
[SourceDate "2022.10.05"]
[SourceVersion "1"]
[SourceVersionDate "2022.10.05"]
[SourceQuality "1"]
[WhiteTeam "Dresden Gruen Weiss"]
[BlackTeam "Dessau"]
[WhiteTeamCountry "GER"]
[BlackTeamCountry "GER"]

1. d4 Nf6 2. c4 c5 3. d5 e5 4. Nc3 d6 5. e4 Nbd7 6. Bd3 Be7 7. Be3 0-0 8. h3 Ne8 9. Qd2 g6 10. g4 Ng7 11. Bh6 Nf6 12. f4 exf4 13. Nf3 Nd7 14. Qxf4 f6 15. 0-0-0 Ne5 16. Qe3 Bd7 17. Nxe5 fxe5 18. Rdf1 Qa5 19. Qg3 Rxf1+ 20. Rxf1 Rf8 21. Rh1 Qd8 22. h4 Rf7 23. Nd1 Qf8 24. Be2 a6 25. Ne3 Rf4 26. Rf1 Rxf1+ 27. Bxf1 Qd8 28. h5 Bg5 29. Bxg5 Qxg5 30. hxg6 hxg6 31. Kd2 Nh5 32. Qh2 Nf6 33. Kd3 Qxe3+ 0-1

[Event "Sachsen-Anhalt Verbandsliga 1920"]
[Site "Sachsen Anhalt"]
[Date "2020.10.18"]
[Round "9.6"]
[White "Leibovitch, Iziaslav"]
[Black "Hentschel, Uwe"]
[Result "1-0"]
[WhiteElo "2000"]
[BlackElo "1835"]
[PlyCount "101"]
[EventDate "2019.09.29"]
[EventType "team-tourn"]
[EventRounds "9"]
[EventCountry "GER"]
[SourceTitle "EXT 2023"]
[Source "ChessBase"]
[SourceDate "2022.10.05"]
[SourceVersion "1"]
[SourceVersionDate "2022.10.05"]
[SourceQuality "1"]
[WhiteTeam "Dessau"]
[BlackTeam "Reideburg 90 Halle"]
[WhiteTeamCountry "GER"]
[BlackTeamCountry "GER"]

1. Nf3 Nf6 2. g3 g6 3. Bg2 Bg7 4. 0-0 0-0 5. d3 d6 6. e4 e5 7. h3 h6 8. Be3 Be6 9. Nc3 c5 10. Qd2 Kh7 11. Nh4 Nh5 12. Ne2 Nc6 13. c3 Rc8 14. d4 cxd4 15. cxd4 exd4 16. Nxd4 Nxd4 17. Bxd4 Bxd4 18. Qxd4 Rc2 19. Rac1 Rxc1 20. Rxc1 Qd7 21. Kh2 Bxa2 22. Qxa7 Be6 23. Qb6 Rc8 24. Rxc8 Qxc8 25. Qxd6 b5 26. Qd4 Qc2 27. Nf3 Qe2 28. Qd2 Qc4 29. Nd4 Nf6 30. b3 Qc5 31. f4 b4 32. Nxe6 fxe6 33. Qd8 Kg7 34. e5 Nd5 35. Qd7+ Qe7 36. Qxe7+ Nxe7 37. Be4 Nc8 38. Kg2 g5 39. Kf3 gxf4 40. gxf4 h5 41. h4 Nb6 42. Bc6 Kf7 43. Ke3 Nc8 44. Bf3 Kg6 45. Be4+ Kf7 46. Kd4 Ne7 47. Kc5 Kg7 48. Kd6 Kf7 49. Kd7 Nd5 50. Bxd5 exd5 51. e6+ 1-0

[Event "DSOL 02 Liga Gr-C 1st"]
[Site "Playchess.com INT"]
[Date "2020.07.22"]
[Round "5.4"]
[White "Leibovitch, Iziaslav"]
[Black "Fischer, Arthur"]
[Result "0-1"]
[WhiteElo "2011"]
[BlackElo "1714"]
[PlyCount "80"]
[EventDate "2020.06.22"]
[EventType "team-tourn (rapid)"]
[EventCountry "GER"]
[SourceTitle "EXT 2021"]
[Source "ChessBase"]
[SourceDate "2020.10.23"]
[SourceVersion "1"]
[SourceVersionDate "2020.10.23"]
[SourceQuality "1"]
[WhiteTeam "Dessau"]
[BlackTeam "Gottingen Rot-Weiss"]
[WhiteTeamCountry "GER"]
[BlackTeamCountry "GER"]

1. Nf3 Nf6 2. g3 g6 3. Bg2 Bg7 4. 0-0 0-0 5. d3 d6 6. e4 e5 7. c3 b6 8. Nbd2 Bb7 9. a4 a5 10. Nc4 Nbd7 11. Bg5 h6 12. Bd2 Nc5 13. Qc2 Qd7 14. Rfe1 Rfe8 15. Be3 Ne6 16. h3 Kh7 17. Rad1 Rad8 18. Nh4 Ba6 19. b3 Ng5 20. Kh2 Bc8 21. Bxg5 hxg5 22. Nf3 g4 23. Ng5+ Kg8 24. hxg4 Qxg4 25. Nh3 Qh5 26. Rh1 g5 27. Kg1 Qg6 28. Kf1 g4 29. Ng1 Ba6 30. Ne3 Nxe4 31. Rh4 Nf6 32. c4 Bh6 33. Be4 Nxe4 34. Rxg4 Ng5 35. f4 exf4 36. gxf4 Rxe3 37. fxg5 Qf5+ 38. Qf2 Qxg4 39. Qxe3 Qxd1+ 40. Kf2 Bg7 0-1

[Event "Sachsen-Anhalt Verbandsliga 1920"]
[Site "Sachsen Anhalt"]
[Date "2019.09.29"]
[Round "1.6"]
[White "Will, Matthias"]
[Black "Leibovitch, Iziaslav"]
[Result "0-1"]
[WhiteElo "1915"]
[BlackElo "2000"]
[PlyCount "88"]
[EventDate "2019.09.29"]
[EventType "team-tourn"]
[EventRounds "9"]
[EventCountry "GER"]
[SourceTitle "EXT 2023"]
[Source "ChessBase"]
[SourceDate "2022.10.05"]
[SourceVersion "1"]
[SourceVersionDate "2022.10.05"]
[SourceQuality "1"]
[WhiteTeam "Naumburg"]
[BlackTeam "Dessau"]
[WhiteTeamCountry "GER"]
[BlackTeamCountry "GER"]

1. Nf3 Nf6 2. c4 g6 3. b4 Bg7 4. Bb2 0-0 5. g3 d6 6. Bg2 e5 7. 0-0 e4 8. Nd4 Nc6 9. Nxc6 bxc6 10. Nc3 Re8 11. d3 exd3 12. exd3 d5 13. b5 Rb8 14. Rb1 Bf5 15. cxd5 cxb5 16. Ba1 b4 17. Ne2 Nxd5 18. Bxg7 Kxg7 19. Qb3 Nf6 20. Nc1 Qd4 21. Rb2 Be6 22. Qc2 Nd5 23. Ne2 Qf6 24. Rfb1 a5 25. Qc5 c6 26. Qxc6 Nb6 27. Nf4 Qd4 28. Qe4 Qd6 29. Qc6 Qe5 30. Qe4 Bf5 31. Qxe5+ Rxe5 32. h4 Rd8 33. Rb3 Na4 34. Rd1 Nc3 35. Rd2 Re1+ 36. Kh2 Rd4 37. Bf3 a4 38. Rbb2 a3 39. Rbc2 Rd8 40. Bb7 Nb1 41. Re2 Rxe2 42. Rxe2 Bxd3 43. Re7 Bc4 44. Re4 Nd2 0-1

[Event "Oberliga Ost-A 1718"]
[Site "Germany"]
[Date "2018.03.18"]
[Round "9.5"]
[White "Pietzsch, Manuel"]
[Black "Leibovitch, Iziaslav"]
[Result "1-0"]
[WhiteElo "2109"]
[BlackElo "2125"]
[PlyCount "63"]
[EventDate "2017.10.22"]
[EventType "team-tourn"]
[EventRounds "11"]
[EventCountry "GER"]
[SourceTitle "EXT 2019"]
[Source "ChessBase"]
[SourceDate "2018.10.10"]
[SourceVersion "1"]
[SourceVersionDate "2018.10.10"]
[SourceQuality "1"]
[WhiteTeam "Leipzig SG II"]
[BlackTeam "Dessau"]
[WhiteTeamCountry "GER"]
[BlackTeamCountry "GER"]

1. e4 d6 2. d4 Nf6 3. Nc3 g6 4. f3 a6 5. Be3 b5 6. g4 Nbd7 7. Qd2 Bb7 8. h4 h5 9. g5 Nh7 10. Nge2 Bg7 11. Ng3 b4 12. Nce2 c5 13. Bg2 Nb6 14. b3 Qc7 15. 0-0 Nf8 16. Rac1 e5 17. c3 exd4 18. cxd4 Ne6 19. d5 Nf8 20. Bd4 Bxd4+ 21. Qxd4 Rg8 22. Qxb4 a5 23. Qd2 Nbd7 24. f4 a4 25. Rfe1 axb3 26. axb3 f6 27. Nd4 fxg5 28. Nb5 Qb8 29. e5 dxe5 30. fxe5 Nxe5 31. Qxg5 Nfd7 32. d6 1-0

[Event "Oberliga Ost-A 1516"]
[Site "Germany"]
[Date "2015.10.10"]
[Round "2.7"]
[White "Heinz, Thomas"]
[Black "Leibovitch, Iziaslav"]
[Result "1-0"]
[WhiteElo "2137"]
[BlackElo "2049"]
[PlyCount "117"]
[EventDate "2015.09.20"]
[EventType "team-tourn"]
[EventRounds "11"]
[EventCountry "GER"]
[SourceTitle "EXT 2017"]
[Source "ChessBase"]
[SourceDate "2016.10.25"]
[SourceVersion "1"]
[SourceVersionDate "2016.10.25"]
[SourceQuality "1"]
[WhiteTeam "Aue Nickelhuette II"]
[BlackTeam "Dessau"]
[WhiteTeamCountry "GER"]
[BlackTeamCountry "GER"]

1. e4 d6 2. d4 Nf6 3. Nc3 g6 4. f3 c6 5. Be3 b5 6. Qd2 Nbd7 7. Nge2 Nb6 8. b3 Bb7 9. Ng3 h5 10. Bd3 Qc7 11. a4 b4 12. Nd1 a5 13. c4 Bg7 14. Rc1 Nbd7 15. 0-0 c5 16. d5 Ne5 17. Bb1 0-0-0 18. h3 Rdg8 19. Nf2 h4 20. Ne2 Nh5 21. f4 Nd7 22. Ng4 Ndf6 23. e5 Nxg4 24. hxg4 Ng3 25. Nxg3 hxg3 26. exd6 exd6 27. Rf3 Qd8 28. g5 Rh2 29. Rxg3 Rgh8 30. Kf2 Kc7 31. f5 Be5 32. Bf4 Bd4+ 33. Be3 Be5 34. Rf3 Qg8 35. Bf4 Bd4+ 36. Be3 Be5 37. Rf1 Qh7 38. Rg1 Qh4+ 39. Kf1 Rg8 40. Bf4 Bd4 41. Be3 Be5 42. Qe1 Bc8 43. Qxh4 Rxh4 44. Kf2 Bd7 45. Re1 Bc3 46. Rf1 Be8 47. Rh3 Rxh3 48. gxh3 Rh8 49. Kg3 Bd7 50. h4 Re8 51. Bc1 Be1+ 52. Kg4 Re5 53. h5 gxh5+ 54. Kxh5 Re8 55. Kh6 Bc3 56. f6 Bh3 57. Rh1 Bg2 58. Rg1 Bf3 59. Kg7 1-0

[Event "GER-chA Seniors 27th"]
[Site "Magdeburg"]
[Date "2015.08.20"]
[Round "6"]
[White "Wolke, Reimund"]
[Black "Leibovitch, Iziaslav"]
[Result "0-1"]
[WhiteElo "1869"]
[BlackElo "2049"]
[PlyCount "82"]
[EventDate "2015.08.15"]
[EventType "swiss"]
[EventRounds "9"]
[EventCountry "GER"]
[SourceTitle "EXT 2018"]
[Source "ChessBase"]
[SourceDate "2017.10.13"]
[SourceVersion "1"]
[SourceVersionDate "2017.10.13"]
[SourceQuality "1"]

1. e4 d6 2. d4 Nf6 3. Nc3 g6 4. Nf3 Bg7 5. Be2 0-0 6. 0-0 Nbd7 7. Bg5 h6 8. Bf4 c5 9. d5 a6 10. a4 b6 11. Qd2 Kh7 12. h3 Rb8 13. Rae1 b5 14. axb5 axb5 15. Bxb5 Nh5 16. Bh2 Bxc3 17. Qxc3 Rxb5 18. e5 dxe5 19. Nxe5 Nxe5 20. Rxe5 Nf6 21. Rd1 Qa5 22. Qxa5 Rxa5 23. Rxe7 Nxd5 24. Ree1 Be6 25. Be5 c4 26. Bd6 Rc8 27. c3 Ra2 28. Re5 Nf4 29. Ba3 Rb8 30. Rd2 Nd3 31. Ree2 Ra1+ 32. Kh2 g5 33. Bd6 Rb6 34. Ba3 Kg6 35. Be7 Rb7 36. Bf8 Rb1 37. Ba3 h5 38. f3 h4 39. Rc2 Nf4 40. Rf2 Bd7 41. Rcd2 Kh5 0-1

[Event "Oberliga Ost-A 1213"]
[Site "Germany"]
[Date "2013.04.14"]
[Round "11.8"]
[White "Leibovitch, Iziaslav"]
[Black "Linnemann, Niklas"]
[Result "1-0"]
[WhiteElo "2042"]
[BlackElo "1932"]
[PlyCount "84"]
[EventDate "2012.10.14"]
[EventType "team-tourn"]
[EventRounds "11"]
[EventCountry "GER"]
[SourceTitle "EXT 2014"]
[Source "ChessBase"]
[SourceDate "2013.11.20"]
[SourceVersion "1"]
[SourceVersionDate "2013.11.20"]
[SourceQuality "1"]
[WhiteTeam "Dessau"]
[BlackTeam "Coswig"]
[WhiteTeamCountry "GER"]
[BlackTeamCountry "GER"]

1. e4 c5 2. Nf3 e6 3. d3 Nc6 4. g3 g6 5. Bg2 Bg7 6. 0-0 Nge7 7. c3 d5 8. Nbd2 0-0 9. Re1 dxe4 10. dxe4 e5 11. Qe2 h6 12. Nc4 Be6 13. Be3 b6 14. Rad1 Qc7 15. a4 Rfd8 16. h4 Rac8 17. h5 Nd4 18. cxd4 cxd4 19. Na3 dxe3 20. Qxe3 Nc6 21. Nb5 Qe7 22. hxg6 fxg6 23. Nh4 Kh7 24. Nc3 Nd4 25. Nd5 Qd7 26. Rxd4 exd4 27. Qd3 Re8 28. Rf1 Qf7 29. b3 Bxd5 30. exd5 Bf6 31. Be4 Bxh4 32. gxh4 Qf6 33. Re1 Kg7 34. Rd1 Re5 35. Qxd4 Rce8 36. Bg2 Re1+ 37. Bf1 Rxd1 38. Qxd1 Qd6 39. Qd4+ Re5 40. f4 Qxd5 41. Qxe5+ Qxe5 42. fxe5 Kf7 1-0

[Event "Oberliga Ost-A 1213"]
[Site "Germany"]
[Date "2012.10.14"]
[Round "1.8"]
[White "Leibovitch, Iziaslav"]
[Black "Jaehn, Michael"]
[Result "0-1"]
[WhiteElo "2042"]
[BlackElo "1966"]
[PlyCount "72"]
[EventDate "2012.10.14"]
[EventType "team-tourn"]
[EventRounds "11"]
[EventCountry "GER"]
[SourceTitle "EXT 2014"]
[Source "ChessBase"]
[SourceDate "2013.11.20"]
[SourceVersion "1"]
[SourceVersionDate "2013.11.20"]
[SourceQuality "1"]
[WhiteTeam "Dessau"]
[BlackTeam "Leipzig VfB"]
[WhiteTeamCountry "GER"]
[BlackTeamCountry "GER"]

1. Nf3 Nf6 2. g3 b5 3. Bg2 Bb7 4. d3 c5 5. 0-0 e6 6. e4 d6 7. Nbd2 Be7 8. Qe2 Nc6 9. a4 b4 10. Nc4 0-0 11. e5 dxe5 12. Ncxe5 Nd4 13. Nxd4 Bxg2 14. Kxg2 Qxd4 15. Nc4 Qd5+ 16. f3 Rfd8 17. Be3 Ng4 18. Bd2 Bf6 19. Rae1 Be7 20. h3 Nf6 21. Kh2 b3 22. Ba5 Rdb8 23. c3 Bd8 24. Qd1 Bxa5 25. Nxa5 Qd7 26. Qe2 Qxa4 27. Ra1 Qd7 28. Ra3 Rb5 29. Rfa1 Rd8 30. c4 Rb4 31. Rd1 Qc7 32. f4 Qb6 33. Qf3 Rc8 34. g4 Ne8 35. g5 Nd6 36. Qe4 Nxe4 0-1

[Event "GER-ch Seniors 22nd"]
[Site "Berlin"]
[Date "2010.08.17"]
[Round "2"]
[White "Leibovitch, Iziaslav"]
[Black "Scholz, Werner"]
[Result "1-0"]
[WhiteElo "1958"]
[BlackElo "1478"]
[PlyCount "127"]
[EventDate "2010.08.16"]
[EventType "swiss"]
[EventRounds "9"]
[EventCountry "GER"]
[SourceTitle "CBM 138 Extra"]
[Source "ChessBase"]
[SourceDate "2010.10.29"]
[SourceVersion "1"]
[SourceVersionDate "2010.10.29"]
[SourceQuality "1"]

1. e4 c5 2. Nf3 e6 3. d3 d5 4. Nbd2 Ne7 5. g3 g6 6. Bg2 Bg7 7. 0-0 0-0 8. Re1 Nbc6 9. Qe2 Qc7 10. e5 b6 11. Nf1 Bb7 12. Bf4 Nf5 13. c3 d4 14. c4 Rab8 15. h4 h5 16. N1h2 Bh6 17. Ng5 Bg7 18. Nhf3 Nh6 19. Ne4 Nf5 20. Nf6+ Kh8 21. g4 hxg4 22. Nxg4 Nce7 23. Bg5 Ng8 24. Nf6 Bh6 25. Bh3 Qc6 26. Ne4 Kg7 27. Bg4 Bxg5 28. hxg5 Nge7 29. Kg2 Rh8 30. Rh1 Rxh1 31. Rxh1 Rh8 32. Rxh8 Kxh8 33. Qd1 Qc8 34. Qh1+ Kg7 35. Nd6 Bxf3+ 36. Bxf3 Qg8 37. Qh2 Kf8 38. Ne4 Qg7 39. Nf6 Ng8 40. Bg4 Nge7 41. Qh3 Ng8 42. Kf1 Ngh6 43. Qf3 Qh8 44. gxh6 Nxh6 45. Qa8+ Kg7 46. Qxh8+ Kxh8 47. Kg2 Kg7 48. Kg3 g5 49. Ne8+ Kg6 50. Nd6 Nf5+ 51. Bxf5+ exf5 52. f4 a6 53. fxg5 Kxg5 54. Nxf7+ Kg6 55. Nd6 Kg7 56. Kf4 Kg6 57. a4 a5 58. Nxf5 Kf7 59. Nd6+ Ke6 60. Ke4 Kd7 61. Kd5 Kc7 62. Ke6 Kd8 63. Kf7 Kd7 64. Ne4 1-0

[Event "GER-ch Seniors 22nd"]
[Site "Berlin"]
[Date "2010.08.16"]
[Round "1"]
[White "Franke, Helmut"]
[Black "Leibovitch, Iziaslav"]
[Result "0-1"]
[WhiteElo "1622"]
[BlackElo "1958"]
[PlyCount "52"]
[EventDate "2010.08.16"]
[EventType "swiss"]
[EventRounds "9"]
[EventCountry "GER"]
[SourceTitle "CBM 138 Extra"]
[Source "ChessBase"]
[SourceDate "2010.10.29"]
[SourceVersion "1"]
[SourceVersionDate "2010.10.29"]
[SourceQuality "1"]

1. f4 g6 2. Nf3 Bg7 3. g3 Nf6 4. Bg2 0-0 5. 0-0 d6 6. d3 c6 7. e4 Qb6+ 8. Kh1 Nbd7 9. d4 Nxe4 10. c3 Ndf6 11. Nh4 d5 12. Qe2 Bg4 13. Qe3 Bh6 14. h3 Bd7 15. Nd2 Nxd2 16. Bxd2 Ne4 17. Kh2 Nxd2 18. Qxd2 Rae8 19. Rae1 f6 20. Qe2 e6 21. Qc2 c5 22. dxc5 Qxc5 23. b4 Qc7 24. Rd1 Bb5 25. Rfe1 Bxf4 26. Nxg6 Bxg3+ 0-1